UM Logo

The development of global and domain specific self-esteem from age 13 to 31/ (Record no. 5992)

MARC details
000 -LEADER
fixed length control field 00745nam a2200181 4500
008 - FIXED-LENGTH DATA ELEMENTS--GENERAL INFORMATION
fixed length control field 161208b xxu||||| |||| 00| 0 eng d
022 ## - INTERNATIONAL STANDARD SERIAL NUMBER
International Standard Serial Number 00223541
082 ## - DEWEY DECIMAL CLASSIFICATION NUMBER
Classification number DPer 155.205 J82 Feb- Apr 2016 v.110, n. 2 - 4
100 ## - MAIN ENTRY--PERSONAL NAME
9 (RLIN) 18185
Personal name Soest, Tilmann von
245 ## - TITLE STATEMENT
Title The development of global and domain specific self-esteem from age 13 to 31/
Statement of responsibility, etc. Tilmann von Soest, Lars Wichstrom and Ingela Lundin Kvalem.
260 ## - PUBLICATION, DISTRIBUTION, ETC. (IMPRINT)
Place of publication, distribution, etc. Washington DC:
Name of publisher, distributor, etc. American Psychological Association,
Date of publication, distribution, etc. ©Feb-Apr 2016.
300 ## - PHYSICAL DESCRIPTION
Extent v110 n4, pages 592-608;
Dimensions 11 cm.
500 ## - GENERAL NOTE
General note Journal of personality and social psychology.
650 #0 - SUBJECT ADDED ENTRY--TOPICAL TERM
9 (RLIN) 18186
Topical term or geographic name as entry element Self-esteem
700 ## - ADDED ENTRY--PERSONAL NAME
9 (RLIN) 18187
Personal name Wichstrom, Lars
Relator term Author
700 ## - ADDED ENTRY--PERSONAL NAME
9 (RLIN) 18188
Personal name Kvalem, Ingela Lundin
Relator term Author
942 ## - ADDED ENTRY ELEMENTS (KOHA)
Source of classification or shelving scheme Dewey Decimal Classification
Koha item type Periodicals
Holdings
Withdrawn status Lost status Source of classification or shelving scheme Damaged status Not for loan Collection code Home library Current library Date acquired Total Checkouts Full call number Date last seen Price effective from Koha item type Public note
    Dewey Decimal Classification     Periodicals UM Digos College - LIC UM Digos College - LIC 12/08/2016   DPer 155.205 J82 Feb- Apr 2016 v.110, n. 2 - 4 12/08/2016 12/08/2016 Periodicals Periodical article